Statistiken für NHL Edmonton Oilers Tore

Klicken Sie hier um das Quiz zu spielen!

Allgemein

  • Dieses Quiz wurde 23 mal gespielt
  • Das Durchschnittsergebnis liegt bei 4 aus 10

Antwortstatistiken

HintAntwort% Korrekt
323McDavid
90%
329Leon Draisaitl
85%
583Wayne Gretzky
80%
245Ryan Nugent-Hopkins
35%
474Jari Kurri
25%
392Mark Messier
15%
209Paul Coffey
15%
296Ryan Smyth
10%
417Glenn Anderson
5%
185Craig Simpson
0%

Verteilung der Resultate

Perzentil nach korrekt beantworteten Fragen

Anzahl Personen mit jedem Resultat

Ihre Resultats-Entwicklung

Sie haben dieses Quiz noch nicht gespielt